അഗ്നിസാക്ഷി (Record no. 14190)
[ view plain ]
| 000 -LEADER | |
|---|---|
| fixed length control field | 00422nam a22001457a 4500 |
| 020 ## - INTERNATIONAL STANDARD BOOK NUMBER | |
| ISBN | 8122606555 |
| 020 ## - INTERNATIONAL STANDARD BOOK NUMBER | |
| ISBN | 9788122606553 |
| 082 ## - DEWEY DECIMAL CLASSIFICATION NUMBER | |
| Classification number | 894.812308 |
| Item number | LAL/AG |
| 100 ## - MAIN ENTRY--AUTHOR NAME | |
| Personal name | ലളിതാംബിക അന്തർജ്ജനം |
| 245 ## - TITLE STATEMENT | |
| Title | അഗ്നിസാക്ഷി |
| 260 ## - PUBLICATION, DISTRIBUTION, ETC. (IMPRINT) | |
| Place of publication | Thrissur |
| Name of publisher | Current books |
| Year of publication | 2004 |
| 650 ## - SUBJECT ADDED ENTRY--TOPICAL TERM | |
| Topical Term | Agnisakshi |
| 700 ## - ADDED ENTRY--PERSONAL NAME | |
| Personal name | Lalithambika Antharjanam |
| 942 ## - ADDED ENTRY ELEMENTS (KOHA) | |
| Koha item type | Books |
| Withdrawn status | Lost status | Damaged status | Collection code | Home library | Current library | Shelving location | Date acquired | Cost, normal purchase price | Full call number | Accession Number | Koha item type |
|---|---|---|---|---|---|---|---|---|---|---|---|
| Fiction | KAUAET | KAUAET | Fiction | 16/07/2015 | 60.00 | 894.812308 LAL/AG | 21555 | Books |
